Lược sử âm nhạc thế giới

Gespeichert in:
Bibliographische Detailangaben
Format: Buch
Sprache:Undetermined
Veröffentlicht: Tp. HCM Trẻ 1994
Schlagworte:
Tags: Tag hinzufügen
Keine Tags, Fügen Sie den ersten Tag hinzu!
Thư viện lưu trữ: Trung tâm Học liệu Trường Đại học Cần Thơ
LEADER 00486nam a2200181Ia 4500
001 CTU_53185
008 210402s9999 xx 000 0 und d
020 |b 19000 
082 |a 780.9 
082 |b L557 
245 0 |a Lược sử âm nhạc thế giới 
245 0 |c Dịch giả Lê Đức Nga 
260 |a Tp. HCM 
260 |b Trẻ 
260 |c 1994 
650 |a music 
650 |x history and criticism 
980 |a Trung tâm Học liệu Trường Đại học Cần Thơ